Statistics for TV Shows by Plot / Synopsis

Click here to take the quiz!

General Stats

  • This quiz has been taken 113 times
  • The average score is 15 of 34

Answer Stats

HintAnswer% Correct
A cancer-stricken chemistry teacher supports his family by launching a meth empire with his former studentBreaking Bad
93%
A group of six young adult friends hang out in ManhattanFriends
93%
An in-universe documentary is filmed about a team of employees at a paper company in ScrantonThe Office
84%
Several families engage in bloody warfare to gain control of the kingdomsGame of Thrones
77%
A high school girl commits suicide and provides her reasons in a number of tape recordings13 Reasons Why
76%
A group of highly intelligent nerds try to find romantic partners despite their awkwardnessThe Big Bang Theory
74%
A family lives near a power plant in a city full of very yellow peopleThe Simpsons
72%
The lawyer from the show about the cancer-stricken chemistry teacher shows us how he became so immoralBetter Call Saul
67%
An adolescent man from West Philadelphia is sent to live with his wealthy extended family in their California mansionFresh Prince of Bel-Air
66%
A former sitcom star is now an alcoholic horse with depressionBojack Horseman
57%
A stand-up comedian and his quirky friends in New York talk about and do absolutely "nothing"Seinfeld
54%
A collection of alternate universes where technology has impacted people's lives in often terrifying waysBlack Mirror
53%
A New Jersey mobster balances life as a father, husband, and mob boss while undergoing therapyThe Sopranos
53%
An elderly woman lives with three other elderly singles while trying to find a new romantic partnerGolden Girls
48%
An overly enthusiastic Indiana politician handles issues from the city's residents with the help of her strange but lovable co-workersParks and Recreation
47%
A mad scientist performs his experiments with the help of his grandsonRick and Morty
47%
A gang of violent, narcissistic, psychopathic pub workers terrorize the streets of PhiladelphiaIt's Always Sunny In Philadelphia
44%
An ex-lawyer goes back to college and befriends a unique study groupCommunity
43%
A web series hosted by a pair of high school girls gains a massive followingiCarly
43%
A 1960s New York advertising firm is led by a highly skilled yet troubled executiveMad Men
41%
A group of Staten Island childhood friends dare each other to prank unsuspecting civilians or risk public humiliationImpractical Jokers
39%
A large array of people regularly get together at a Boston barCheers
38%
The psychiatrist from the Boston bar show moves to Seattle, closer to his equally snobby brother and simple fatherFrasier
32%
A family who was once wealthy is now left broke, spoiled, and dysfunctional after the father is sent to prisonArrested Development
29%
The Baltimore drug trade as seen through several perspectives, including the drug dealers, police officers, journalists, and moreThe Wire
29%
A detective with obsessive-compulsive disorder and his personal assistant solve crimes while grieving the murder of his wifeMonk
26%
A surreal town full of off-kilter characters starts an investigation into the mysterious murder of a young womanTwin Peaks
23%
An astronaut meets a companion in the form of a magical genieI Dream of Jeannie
18%
A politically conservative father comes into conflict with his more liberal familyAll In The Family
16%
An awkward British schoolboy becomes friends with three other sex- and alcohol-obsessed teenagersThe Inbetweeners
16%
A man tries to become a star in his city's hip hop scene and enlists his cousin as his managerAtlanta
11%
A man is forced to watch and comment on terrible movies on his satellite with his robot friendsMystery Science Theater 3000
10%
An outspoken and antisocial old man gets himself into trouble in various situations just by opening his mouthCurb Your Enthusiasm
9%
A businessman uses his knowledge to assist real-life small businesses using the strangest possible methods he can think ofNathan For You
5%

Score Distribution

Percentile by Number Answered

Percent of People with Each Score

Your Score History

You have not taken this quiz